[Event "ICS rated blitz match"]
[Site "204.178.125.65"]
[Date "2000.02.18"]
[Round "?"]
[White "Hossa"]
[Black "Slivovitz"]
[Result "1-0"]
[WhiteElo "2332"]
[BlackElo "2189"]
[PlyCount "169"]

1. d4 d5 2. Nf3 a6 3. e3 Nf6 4. c4 e6 5. cxd5 exd5 6. Bd3 Be7 7. O-O O-O 8. Qc2
Nbd7 9. Nc3 Re8 10. Rb1 c6 11. Re1 Nf8 12. Bd2 Bd6 13. e4 dxe4 14. Nxe4 Nxe4
15. Rxe4 Rxe4 16. Bxe4 Be6 17. Re1 h6 18. Re2 Bc7 19. a3 Rc8 20. b3 Bd6 21. b4
a5 22. bxa5 Bxa3 23. Qd3 Bd6 24. a6 bxa6 25. Qxa6 Qd7 26. Ba5 Nh7 27. Rb2 Nf6
28. Rb7 Qe8 29. Bd3 Bd5 30. Ra7 Rb8 31. Nh4 Be4 32. Nf5 Bxf5 33. Bxf5 g6 34.
Bd3 Nd5 35. Bf1 Nb4 36. Qc4 Nd5 37. g3 Ra8 38. Qa6 Rxa7 39. Qxa7 Bb4 40. Bc7
Qd7 41. Qa8+ Kh7 42. Bb8 Bd6 43. Ba7 Qc7 44. Bd3 Ne7 45. Ba6 Nd5 46. Bb7 Ne7
47. Kg2 c5 48. dxc5 Bxc5 49. Bxc5 Qxc5 50. Qf8 f5 51. Qf7+ Kh8 52. h4 Qd6 53.
Bf3 Ng8 54. h5 gxh5 55. Qxf5 Qf6 56. Qxh5 Kg7 57. Be4 Qg5 58. Qe8 Qf6 59. f4
Qe7 60. Qxe7+ Nxe7 61. g4 Kf6 62. Kf3 Ng8 63. Bd5 Ne7 64. Ke4 Nc8 65. Bc6 Nd6+
66. Kd4 Nf7 67. Be8 Nd6 68. Bd7 Nf7 69. Ke4 Ng5+ 70. Ke3 Nf7 71. Bc6 Ng5 72.
Be4 Nh3 73. Bg2 Ng5 74. Bd5 Nh7 75. Bg8 Nf8 76. Bb3 Ng6 77. Ke4 Nh4 78. Ba4 Ng6
79. Be8 Nh4 80. Bc6 Ng2 81. Kf3 Ne1+ 82. Ke3 Nc2+ 83. Ke4 Nb4 84. Bb5 Na6 85.
Bxa6 1-0

[Event "ICS rated blitz match"]
[Site "204.178.125.65"]
[Date "2000.02.18"]
[Round "?"]
[White "Slivovitz"]
[Black "Hossa"]
[Result "0-1"]
[WhiteElo "2179"]
[BlackElo "2342"]
[PlyCount "96"]

1. e4 c5 2. Nc3 e6 3. g3 Nc6 4. Bg2 Be7 5. d3 Nf6 6. f4 d5 7. Bd2 d4 8. Nce2
Qb6 9. b3 Ng4 10. h3 Ne3 11. Bxe3 dxe3 12. Qc1 Qa5+ 13. Kf1 h5 14. Qxe3 h4 15.
g4 Qa3 16. Qc1 Qxc1+ 17. Rxc1 e5 18. f5 Bg5 19. Rb1 Bd2 20. Nf3 Bb4 21. c3 Ba5
22. Kf2 Bd7 23. Rhd1 O-O-O 24. Ne1 b5 25. Nc2 b4 26. c4 Bc7 27. Ne3 Rh7 28. Nd5
Bb8 29. Ng1 Bd6 30. Nf3 Rhh8 31. Ng5 Be8 32. Nf3 Bd7 33. Ra1 Bf8 34. a3 bxa3
35. Rxa3 Bd6 36. Rda1 Rh6 37. g5 Rh7 38. Rb1 Bf8 39. Bf1 g6 40. Nf6 Rg7 41.
Nxd7 Kxd7 42. f6 Rh7 43. Nd2 Ke6 44. Be2 Rd4 45. Ke3 Kd7 46. Bg4+ Ke8 47. Nf3
a5 48. Nxd4 cxd4+ 0-1

[Event "ICS rated blitz match"]
[Site "204.178.125.65"]
[Date "2000.02.18"]
[Round "?"]
[White "Hossa"]
[Black "Slivovitz"]
[Result "1/2-1/2"]
[WhiteElo "2351"]
[BlackElo "2170"]
[PlyCount "131"]

1. d4 e6 2. e4 d5 3. e5 b6 4. Nf3 Qd7 5. Bd3 Ba6 6. O-O Bxd3 7. Qxd3 Nc6 8. Bf4
Nge7 9. Rc1 Na5 10. Qa6 Qc8 11. Qe2 Ng6 12. Be3 Nc4 13. Nbd2 Nxe3 14. fxe3 Qd7
15. Rf1 Be7 16. c4 c6 17. cxd5 cxd5 18. Qa6 O-O 19. g3 Rfc8 20. Rac1 Rc7 21.
Rc3 Rac8 22. Rfc1 Rxc3 23. bxc3 Rc7 24. c4 Qc8 25. Qxc8+ Rxc8 26. e4 dxc4 27.
Rxc4 Rxc4 28. Nxc4 Kf8 29. Kg2 Ke8 30. Nd6+ Bxd6 31. exd6 f6 32. e5 Kd7 33. h3
a6 34. Kf2 b5 35. Ke3 Nh8 36. Ke4 Nf7 37. d5 fxe5 38. Nxe5+ Nxe5 39. Kxe5 exd5
40. Kxd5 h5 41. Kc5 g5 42. a3 h4 43. gxh4 gxh4 44. Kb6 Kxd6 45. Kxa6 Kc5 46.
Kb7 Kd5 47. Kb6 Kc4 48. Kc6 b4 49. axb4 Kxb4 50. Kd5 Kc3 51. Ke5 Kd3 52. Kd5
Ke3 53. Ke5 Kf3 54. Kd5 Kg3 55. Ke4 Kxh3 56. Kf3 Kh2 57. Kf2 Kh1 58. Kf3 Kh2
59. Kf2 Kh1 60. Kf3 Kh2 61. Kf2 Kh1 62. Kf3 Kh2 63. Kf2 Kh1 64. Kf3 Kh2 65. Kf2
Kh1 66. Kf3 1/2-1/2

[Event "ICS rated standard match"]
[Site "204.178.125.65"]
[Date "2000.02.18"]
[Round "?"]
[White "Nori"]
[Black "Hossa"]
[Result "0-1"]
[WhiteElo "1842"]
[BlackElo "2180"]
[PlyCount "66"]

1. Nf3 c6 2. g3 d5 3. Bg2 e6 4. O-O h5 5. d3 Be7 6. e4 h4 7. exd5 h3 8. Bh1
cxd5 9. Nc3 Nf6 10. Bf4 O-O 11. Ng5 Nc6 12. d4 Qb6 13. Be5 Qxb2 14. Qd3 Nb4 15.
Qf3 Nd7 16. Nxh3 Nc6 17. Bxg7 Kxg7 18. Qg4+ Kh6 19. Bf3 Rh8 20. Nxd5 exd5 21.
Qh5+ Kg7 22. Qg4+ Kf8 23. Ng5 Nde5 24. dxe5 Bxg4 25. Rab1 Qxc2 26. Nxf7 Kxf7
27. Bxg4 Nxe5 28. Rbc1 Qh7 29. h4 Nxg4 30. Rc7 Qg6 31. Re1 Rae8 32. Rxb7 Qc2
33. Rb3 Qxf2+ 0-1

[Event "ICS rated blitz match"]
[Site "204.178.125.65"]
[Date "2000.02.18"]
[Round "?"]
[White "Slivovitz"]
[Black "Hossa"]
[Result "0-1"]
[WhiteElo "2187"]
[BlackElo "2343"]
[PlyCount "54"]

1. e4 e5 2. Nf3 d6 3. Bc4 Be7 4. Nc3 Nf6 5. d3 O-O 6. h3 Nc6 7. a3 Be6 8. Nd5
Re8 9. Be3 Qd7 10. Qd2 a6 11. O-O-O b5 12. Ba2 Bd8 13. g4 Bxd5 14. exd5 Ne7 15.
c4 bxc4 16. dxc4 Rb8 17. Qc2 Rf8 18. Bb1 Ng6 19. Rdg1 c6 20. h4 e4 21. Ng5 cxd5
22. h5 Ne5 23. Qc3 Rc8 24. Kd1 Nxc4 25. Bd4 Nxg4 26. Bxg7 Bxg5 27. Bxf8 Nce3+
0-1

[Event "ICS rated blitz match"]
[Site "204.178.125.65"]
[Date "2000.02.18"]
[Round "?"]
[White "Hossa"]
[Black "Slivovitz"]
[Result "1-0"]
[WhiteElo "2352"]
[BlackElo "2178"]
[PlyCount "79"]

1. e4 e5 2. Nf3 Nc6 3. Nc3 Nf6 4. d4 exd4 5. Nxd4 Bb4 6. Nxc6 bxc6 7. Bd3 d5 8.
exd5 cxd5 9. O-O O-O 10. Bg5 c6 11. Qf3 Be7 12. h3 Be6 13. Rfe1 Nd7 14. Qh5 g6
15. Bxe7 Qxe7 16. Qh6 Qf6 17. h4 Qg7 18. Qxg7+ Kxg7 19. Re2 Rfe8 20. Rae1 Nf6
21. Na4 Bd7 22. Nc5 Rxe2 23. Rxe2 Re8 24. Rxe8 Bxe8 25. b4 Nd7 26. Nb7 Kf6 27.
Nd6 Ke7 28. Nc8+ Kd8 29. Nxa7 Kc7 30. b5 c5 31. a4 Nb8 32. a5 c4 33. Be2 Kb7
34. b6 Na6 35. Bf3 Bc6 36. Bg4 f5 37. Bf3 Nb4 38. c3 Na2 39. Nxc6 Kxc6 40.
Bxd5+ 1-0

[Event "ICS rated blitz match"]
[Site "204.178.125.65"]
[Date "2000.02.18"]
[Round "?"]
[White "Slivovitz"]
[Black "Hossa"]
[Result "0-1"]
[WhiteElo "2169"]
[BlackElo "2361"]
[PlyCount "105"]

1. e4 c6 2. Nc3 d5 3. d4 dxe4 4. Nxe4 Nd7 5. Nf3 Ngf6 6. Ng3 e6 7. Bd3 c5 8.
Bd2 cxd4 9. Qe2 Bc5 10. O-O-O O-O 11. Ng5 Qc7 12. Rde1 Re8 13. Nh5 h6 14. h4
Nxh5 15. Qxh5 Nf6 16. Qe2 Rb8 17. g4 hxg5 18. hxg5 Nd5 19. Qf3 Bb4 20. g6 Bxd2+
21. Kb1 Bxe1 22. gxf7+ Qxf7 23. Rh8+ Kxh8 24. Qxf7 Bd7 25. Qxd7 Bxf2 26. Qf7
Be3 27. Qh5+ Kg8 28. Bg6 Nf6 29. Qe5 Nxg4 30. Qg3 Rf8 31. a3 Nh6 32. Qh3 Rf6
33. Bd3 g5 34. Qh5 Kg7 35. b4 e5 36. Be4 b6 37. Ka2 Rh8 38. Qe2 Rf7 39. Qc4 Re7
40. Qd5 Nf7 41. Qc6 Rh6 42. Qc8 Rh4 43. Qf5 Nh8 44. Bd3 e4 45. Bc4 Rh2 46. Kb3
Ng6 47. Bd5 Rf2 48. Qg4 Bf4 49. Be6 e3 50. Bc4 e2 51. Bxe2 Rfxe2 52. Qc8 Rc7
53. Qe8 0-1

[Event "ICS rated blitz match"]
[Site "204.178.125.65"]
[Date "2000.02.18"]
[Round "?"]
[White "Hossa"]
[Black "Slivovitz"]
[Result "1-0"]
[WhiteElo "2369"]
[BlackElo "2161"]
[PlyCount "92"]

1. d4 e6 2. Nf3 Nf6 3. Bf4 b6 4. e3 Bb7 5. Bd3 Be7 6. Bg5 O-O 7. O-O d6 8. c4
Nbd7 9. Nc3 a6 10. Re1 h6 11. Bh4 c5 12. Rc1 Qc7 13. Qe2 Rad8 14. b3 e5 15. d5
Rfe8 16. Qd2 Nf8 17. Qc2 N6h7 18. Bxe7 Qxe7 19. a3 Bc8 20. Nd2 g6 21. Qd1 f5
22. e4 f4 23. Qc2 g5 24. Qa2 Ng6 25. Red1 g4 26. Na4 Qc7 27. Be2 h5 28. Nc3 Rf8
29. f3 Qe7 30. b4 g3 31. Nf1 Qh4 32. Na4 Kh8 33. Nxb6 gxh2+ 34. Nxh2 Rg8 35.
bxc5 Qg5 36. Nxc8 Rxc8 37. cxd6 Nh4 38. Bf1 Rg7 39. c5 Rcg8 40. Rd2 Qg3 41. Kh1
Ng5 42. Rf2 Nh3 43. Rb2 Nxf3 44. Nxf3 Ng5 45. Nxg5 Rxg5 46. Rb3 Qf2 1-0

[Event "ICS rated blitz match"]
[Site "204.178.125.65"]
[Date "2000.02.18"]
[Round "?"]
[White "Slivovitz"]
[Black "Hossa"]
[Result "1-0"]
[WhiteElo "2154"]
[BlackElo "2376"]
[PlyCount "101"]

1. e4 c5 2. Nc3 d6 3. g3 Nc6 4. Bg2 Nf6 5. h3 e6 6. d3 Be7 7. f4 d5 8. Bd2 d4
9. Nce2 Qb6 10. b3 O-O 11. Nf3 Bd7 12. g4 Rfd8 13. O-O Rac8 14. Ng3 Qc7 15. Qe1
a6 16. g5 Ne8 17. h4 Bd6 18. Ne2 e5 19. f5 Nb4 20. Qd1 b6 21. a3 Nc6 22. Ng3
Bf8 23. Nh2 f6 24. Qh5 Qa7 25. Ng4 Qc7 26. g6 h6 27. Bxh6 gxh6 28. Nxh6+ Bxh6
29. Qxh6 Bxf5 30. Nxf5 Ra8 31. Bf3 Rac8 32. Bh5 Qa7 33. Rf2 Rd7 34. Rg2 Rcc7
35. Kh1 Rb7 36. Rag1 Na5 37. g7 Nxg7 38. Qxf6 Rbc7 39. Qxe5 Kh7 40. Bg6+ Kh8
41. h5 Nxb3 42. cxb3 Qa8 43. h6 c4 44. hxg7+ Rxg7 45. Rh2+ Kg8 46. Bh7+ Kf8 47.
Rxg7 Qc6 48. Rg8+ Kf7 49. Nd6+ Qxd6 50. Qe8+ Kf6 51. Rg6# 1-0

[Event "ICS rated blitz match"]
[Site "204.178.125.65"]
[Date "2000.02.18"]
[Round "?"]
[White "Hossa"]
[Black "Slivovitz"]
[Result "1-0"]
[WhiteElo "2351"]
[BlackElo "2189"]
[PlyCount "42"]

1. e4 e5 2. Nc3 Nc6 3. Bc4 Nf6 4. Nf3 Bc5 5. d3 d6 6. Na4 Bg4 7. Nxc5 dxc5 8.
Bb5 Qd6 9. Bg5 Nd7 10. c3 f6 11. Be3 O-O-O 12. Qa4 Nb6 13. Qa3 a6 14. Bxc5 Qd7
15. Bxc6 Qxc6 16. O-O-O Na4 17. Be7 Rd7 18. h3 Bxf3 19. gxf3 a5 20. Rhg1 g6 21.
Bxf6 Qxf6 1-0

[Event "ICS rated blitz match"]
[Site "204.178.125.65"]
[Date "2000.02.18"]
[Round "?"]
[White "Slivovitz"]
[Black "Hossa"]
[Result "0-1"]
[WhiteElo "2180"]
[BlackElo "2360"]
[PlyCount "82"]

1. e4 e6 2. Nc3 Nc6 3. d4 Nf6 4. Nf3 d5 5. e5 Ne4 6. Bd3 Bb4 7. Bd2 Nxd2 8.
Qxd2 O-O 9. Qe2 f6 10. O-O fxe5 11. dxe5 Rf4 12. Rfe1 Qf8 13. a3 Bxc3 14. bxc3
g6 15. Qe3 Ne7 16. Nd4 c6 17. g3 Rf7 18. f4 c5 19. Nb5 c4 20. Bf1 Nf5 21. Qd2
Bd7 22. Nd4 Ng7 23. Bh3 Re8 24. Rf1 Ba4 25. Rae1 b5 26. Ra1 a5 27. Nf3 Qc5+ 28.
Qd4 Qc7 29. Rf2 Qb7 30. Rb1 Rff8 31. Qd2 Qe7 32. Nd4 Qxa3 33. Rff1 Qc5 34. Ra1
Qa7 35. Kh1 Qe7 36. Rfb1 Qd7 37. Qc1 Ra8 38. Qb2 Rab8 39. Qa3 Rb6 40. Qc5 Ra6
41. Nxb5 Rc8 0-1

[Event "ICS rated blitz match"]
[Site "204.178.125.65"]
[Date "2000.02.18"]
[Round "?"]
[White "Hossa"]
[Black "Slivovitz"]
[Result "1-0"]
[WhiteElo "2368"]
[BlackElo "2172"]
[PlyCount "32"]

1. c4 e5 2. Nc3 Nf6 3. g3 c6 4. Nf3 Bd6 5. d4 e4 6. Nd2 Qe7 7. Bg2 e3 8. fxe3
h5 9. e4 Ng4 10. Nf3 h4 11. Bg5 f6 12. e5 fxg5 13. exd6 Qxd6 14. Qd3 hxg3 15.
Nxg5 Rxh2 16. Qe4+ Qe6 1-0

[Event "ICS rated standard match"]
[Site "204.178.125.65"]
[Date "2000.02.18"]
[Round "?"]
[White "Hossa"]
[Black "stormx"]
[Result "1-0"]
[WhiteElo "2184"]
[BlackElo "2052"]
[PlyCount "89"]

1. Nf3 d5 2. g3 e6 3. Bg2 Nc6 4. d4 Bb4+ 5. c3 Be7 6. Nbd2 Nf6 7. O-O O-O 8.
Re1 Ne4 9. Qc2 f5 10. e3 Bd7 11. c4 a5 12. cxd5 Nb4 13. Qd1 exd5 14. Ne5 Bf6
15. a3 Nc6 16. Nxd7 Qxd7 17. Qc2 a4 18. Rb1 Rfe8 19. b3 axb3 20. Qxb3 Ra7 21.
Qc2 Be7 22. f3 Nxd2 23. Qxd2 Na5 24. Qd3 Nc4 25. Rb3 Qa4 26. Rc3 Qa5 27. Re2 b5
28. Ra2 Bd6 29. e4 dxe4 30. fxe4 fxe4 31. Bxe4 Rxe4 32. Qxe4 Ra8 33. Qd5+ Kh8
34. Rf2 Qa6 35. Rf7 Rg8 36. Rb3 c6 37. Qf3 Re8 38. Bh6 Bxa3 39. Qg4 g6 40. Qd7
Re1+ 41. Kf2 Rf1+ 42. Kxf1 Ne3+ 43. Kg1 Nd5 44. Qe8+ Bf8 45. Qxf8# 1-0

[Event "ICS rated blitz match"]
[Site "204.178.125.65"]
[Date "2000.02.18"]
[Round "?"]
[White "Hossa"]
[Black "Compov"]
[Result "1/2-1/2"]
[WhiteElo "2376"]
[BlackElo "2001"]
[PlyCount "25"]

1. Nf3 d5 2. b3 c5 3. e3 Nc6 4. Bb2 Bd7 5. Be2 e6 6. O-O Nf6 7. Nc3 Be7 8. d4
O-O 9. Ne5 cxd4 10. exd4 Qc7 11. Nb5 Qd8 12. Nc3 Qc7 13. Nb5 1/2-1/2

[Event "ICS rated blitz match"]
[Site "204.178.125.65"]
[Date "2000.02.18"]
[Round "?"]
[White "Jorquera"]
[Black "Hossa"]
[Result "0-1"]
[WhiteElo "2310"]
[BlackElo "2363"]
[PlyCount "116"]

1. e4 d5 2. exd5 Nf6 3. d4 Nxd5 4. c4 Nb6 5. Nf3 Bg4 6. Be2 e6 7. O-O Be7 8. h3
Bh5 9. Nc3 O-O 10. Be3 Nc6 11. b3 Ba3 12. Ne4 Bb2 13. Rb1 Bxf3 14. Bxf3 Bxd4
15. Nc5 Bxe3 16. fxe3 Qg5 17. Nxb7 Qxe3+ 18. Kh1 Nd4 19. Re1 Qc3 20. Rc1 Qb2
21. Rb1 Qf2 22. Rf1 Qh4 23. Nc5 Rab8 24. Qe1 Nxf3 25. Rxf3 Qxe1+ 26. Rxe1 Rbd8
27. Rf2 Rfe8 28. Ree2 Rd1+ 29. Kh2 Red8 30. Ne4 h5 31. Rd2 R1xd2 32. Rxd2 Rxd2
33. Nxd2 Nd7 34. Kg3 e5 35. Kf3 f5 36. b4 Kf7 37. g4 f4 38. Ke4 Ke6 39. Nf3
Nf6+ 40. Kd3 e4+ 41. Ke2 exf3+ 42. Kxf3 hxg4+ 43. hxg4 g5 44. a4 Kd7 45. Kg2
Nxg4 46. Kf3 Ne5+ 47. Ke4 Nxc4 48. Kf5 f3 49. Kxg5 f2 50. Kf4 f1=Q+ 51. Ke4
Qb1+ 52. Kd4 Qxb4 53. Kd5 Ne5 54. Kxe5 Qxa4 55. Kd5 Qf4 56. Kc5 a5 57. Kb5 Qb4+
58. Ka6 Qb6# 0-1

[Event "ICS rated blitz match"]
[Site "204.178.125.65"]
[Date "2000.02.18"]
[Round "?"]
[White "Slivovitz"]
[Black "Hossa"]
[Result "1-0"]
[WhiteElo "2167"]
[BlackElo "2377"]
[PlyCount "133"]

1. e4 c5 2. Nc3 d6 3. g3 Nc6 4. h3 Nf6 5. Bg2 e6 6. d3 Be7 7. f4 d5 8. Bd2 d4
9. Nce2 Qb6 10. b3 O-O 11. Nf3 Bd7 12. O-O Rac8 13. g4 Rfd8 14. Ng3 Qc7 15. a3
a6 16. Qe2 b6 17. Qf2 Ne8 18. f5 e5 19. g5 Qd6 20. h4 f6 21. Nh2 Qc7 22. Qf3
Nd6 23. Qh5 Re8 24. g6 h6 25. Bxh6 Bxf5 26. exf5 Bd8 27. Bd2 Ne7 28. Qh7+ Kf8
29. Nh5 Nexf5 30. Bh3 e4 31. Bxf5 Nxf5 32. Rxf5 e3 33. Be1 b5 34. Qh8+ Ke7 35.
Qxg7+ Ke6 36. Qxc7 Rxc7 37. Rf3 Ra7 38. Bg3 Rh8 39. g7 Rg8 40. Ng4 Raxg7 41.
Nxg7+ Rxg7 42. Kh2 Rxg4 43. Rg1 f5 44. Be1 Bxh4 45. Rxg4 fxg4 46. Rf1 Bxe1 47.
Rxe1 Kf6 48. Kg3 a5 49. Kxg4 Ke5 50. a4 bxa4 51. bxa4 Kd5 52. Kf3 c4 53. Rb1
cxd3 54. cxd3 Ke5 55. Rb5+ Kd6 56. Rxa5 Kc6 57. Rb5 Kd6 58. a5 Kc6 59. Rb1 e2
60. Kxe2 Kd6 61. a6 Kd5 62. a7 Ke5 63. a8=Q Kf6 64. Qe8 Kg5 65. Rf1 Kh6 66. Qg8
Kh5 67. Rh1# 1-0

[Event "ICS Rated blitz match"]
[Site "204.178.125.65"]
[Date "2000.02.18"]
[Round "?"]
[White "PostModernist"]
[Black "Hossa"]
[Result "1-0"]
[WhiteElo "2547"]
[BlackElo "2329"]
[PlyCount "117"]

1. d4 Nf6 2. Nf3 d5 3. c4 e6 4. Nc3 Be7 5. Bg5 Nc6 6. e3 O-O 7. cxd5 exd5 8.
Bd3 Nb4 9. Bb1 Re8 10. Qb3 c5 11. dxc5 Na6 12. Bxf6 Bxf6 13. Qa3 d4 14. Ne4
dxe3 15. fxe3 Bh4+ 16. Ke2 Bg4 17. h3 Bxf3+ 18. gxf3 Re5 19. Bd3 Nc7 20. f4 Re7
21. Nd6 Ne6 22. Be4 Qb8 23. Rag1 Bf6 24. b4 Nd8 25. h4 a5 26. b5 Qc7 27. Kd1 a4
28. b6 Qd7 29. Qd3 h6 30. Qd5 a3 31. Ke2 Ra4 32. Bf5 Ne6 33. Bxe6 Qxe6 34. Qxe6
fxe6 35. c6 bxc6 36. Rc1 Rb4 37. Rxc6 Rb2+ 38. Kf3 Rd7 39. Nc4 Rxa2 40. Rc7 Rd8
41. b7 Rb2 42. Nxb2 Rf8 43. Nc4 a2 44. Rc8 a1=R 45. Rxf8+ Kxf8 46. b8=Q+ Kf7
47. Rxa1 Bxa1 48. h5 e5 49. f5 g6 50. Nd6+ Kg7 51. Qc7+ Kh8 52. Qd8+ Kg7 53.
f6+ Kh7 54. hxg6+ Kxg6 55. Qe8+ Kg5 56. Qg8+ Kxf6 57. Qf7+ Kg5 58. Qf5+ Kh4 59.
Qg4# 1-0

[Event "ICS Rated blitz match"]
[Site "204.178.125.65"]
[Date "2000.02.18"]
[Round "?"]
[White "Hossa"]
[Black "SirJames"]
[Result "1-0"]
[WhiteElo "2322"]
[BlackElo "1943"]
[PlyCount "43"]

1. c4 c6 2. Nf3 d5 3. e3 e6 4. d4 f5 5. Bd3 Nf6 6. O-O Bd6 7. Nc3 O-O 8. Re1
Ne4 9. Qb3 Kh8 10. c5 Bc7 11. Rb1 g5 12. h3 g4 13. hxg4 Nxf2 14. Kxf2 fxg4 15.
Rh1 Rf7 16. Qc2 gxf3 17. gxf3 Qg5 18. Ne2 e5 19. Bxh7 e4 20. Bg6+ Kg7 21. Bxf7
Kxf7 22. fxe4 1-0

[Event "ICS rated blitz match"]
[Site "204.178.125.65"]
[Date "2000.02.18"]
[Round "?"]
[White "Hossa"]
[Black "Bannon"]
[Result "1-0"]
[WhiteElo "2332"]
[BlackElo "2081"]
[PlyCount "41"]

1. e4 c5 2. Nf3 Nc6 3. d4 cxd4 4. Nxd4 e5 5. Nb5 Bc5 6. N1c3 Nf6 7. Nd6+ Ke7 8.
Nxc8+ Rxc8 9. Bd3 h6 10. O-O g5 11. Nd5+ Nxd5 12. exd5 Nb4 13. Be4 d6 14. Bf5
Rc7 15. a3 Na6 16. Bd2 Bb6 17. Qf3 Nc5 18. Rae1 Kf8 19. b4 Na4 20. Qb3 Qe8 21.
c3 1-0

[Event "ICS rated blitz match"]
[Site "204.178.125.65"]
[Date "2000.02.18"]
[Round "?"]
[White "Bannon"]
[Black "Hossa"]
[Result "0-1"]
[WhiteElo "2075"]
[BlackElo "2338"]
[PlyCount "50"]

1. e4 Nf6 2. e5 Nd5 3. Bc4 Nb6 4. Bb3 Nc6 5. d4 d6 6. exd6 cxd6 7. Be3 e6 8.
Nf3 d5 9. c3 Bd6 10. O-O Na5 11. Bc2 Nac4 12. b3 Nxe3 13. fxe3 Qf6 14. Nbd2 Qh6
15. Qe2 Bd7 16. e4 O-O-O 17. c4 Qh5 18. Bd3 dxe4 19. Nxe4 Bf4 20. Rad1 h6 21.
Ne5 Qxh2+ 22. Kf2 Bxe5 23. dxe5 Bc6 24. Bb1 Kb8 25. c5 Nd7 0-1

[Event "ICS rated bullet match"]
[Site "204.178.125.65"]
[Date "2000.02.18"]
[Round "?"]
[White "LeTiger"]
[Black "Hossa"]
[Result "1-0"]
[WhiteElo "2683"]
[BlackElo "2469"]
[PlyCount "71"]

1. e4 c5 2. Nf3 Nc6 3. Bb5 g6 4. O-O Bg7 5. Re1 e5 6. Bxc6 dxc6 7. d3 Qe7 8.
Nbd2 Nf6 9. Nc4 Nd7 10. Bd2 O-O 11. a3 f5 12. exf5 Rxf5 13. Ne3 Rh5 14. g4 Rh3
15. Kg2 Rh6 16. Nc4 Qe6 17. h3 g5 18. Nxg5 Qd5+ 19. Ne4 Rg6 20. Qf3 Qd4 21. Bc3
Qd5 22. Ne3 Qe6 23. Nf5 Qf7 24. Re3 Bf8 25. Qg3 Qd5 26. Kh2 c4 27. dxc4 Qxc4
28. Rd1 Qa4 29. Rd2 Re6 30. Ng5 Rg6 31. Rxd7 Qf4 32. Qxf4 Bxd7 33. Ne7+ Kh8 34.
Bxe5+ Rf6 35. Bxf6+ Bg7 36. Nf7# 1-0

[Event "ICS rated bullet match"]
[Site "204.178.125.65"]
[Date "2000.02.18"]
[Round "?"]
[White "Hossa"]
[Black "KESKSMAN"]
[Result "1-0"]
[WhiteElo "2462"]
[BlackElo "2081"]
[PlyCount "73"]

1. c4 d6 2. Nc3 g6 3. d4 Bg7 4. Nf3 Nd7 5. e3 e5 6. Bd3 Ne7 7. O-O O-O 8. Qb3
exd4 9. exd4 b6 10. Bf4 Bb7 11. Be4 Bxe4 12. Nxe4 a5 13. Rfe1 Nf6 14. Nxf6+
Bxf6 15. Bh6 Bg7 16. Bg5 Re8 17. Bxe7 Rxe7 18. Rxe7 Qxe7 19. Re1 Qd7 20. a3 Re8
21. Re3 Rxe3 22. Qxe3 h6 23. b3 Kh7 24. h4 Qf5 25. Qe7 Qb1+ 26. Kh2 Qxb3 27.
Qxf7 Qd3 28. Qxc7 Qe4 29. Qxd6 b5 30. cxb5 Qb7 31. b6 h5 32. Qc7 Qe4 33. Ng5+
Kh6 34. Nxe4 Kh7 35. Nf6+ Kh6 36. Qc1+ g5 37. Qxg5# 1-0

[Event "ICS rated bullet match"]
[Site "204.178.125.65"]
[Date "2000.02.18"]
[Round "?"]
[White "Hossa"]
[Black "HELLOGYE"]
[Result "1-0"]
[WhiteElo "2466"]
[BlackElo "2168"]
[PlyCount "69"]

1. e4 c5 2. Nc3 Nc6 3. Nf3 e5 4. Bb5 d6 5. d3 Bd7 6. O-O g6 7. Be3 Bg7 8. Nd5
Nge7 9. Bg5 f6 10. Nxf6+ Bxf6 11. Bxf6 O-O 12. Bc4+ d5 13. Bxd5+ Rf7 14. Ng5
Nxd5 15. Bxd8 Rxd8 16. exd5 Nd4 17. Nxf7 Kxf7 18. c3 Nf5 19. Qf3 Kg7 20. Rad1
Rf8 21. Qh3 Rf7 22. Rfe1 Nd6 23. Qe3 e4 24. dxe4 Ne8 25. Qxc5 b6 26. Qd4+ Kg8
27. e5 Bb5 28. Qh4 Rg7 29. Qd8 Kf7 30. e6+ Kf8 31. d6 Bc6 32. d7 Bxd7 33. exd7
Re7 34. Qxe7+ Kg8 35. dxe8=Q# 1-0

[Event "ICS rated blitz match"]
[Site "204.178.125.65"]
[Date "2000.02.18"]
[Round "?"]
[White "Hossa"]
[Black "Mic21"]
[Result "0-1"]
[WhiteElo "2344"]
[BlackElo "2451"]
[PlyCount "68"]

1. c4 e5 2. g3 d6 3. Bg2 f5 4. d4 e4 5. g4 fxg4 6. Nc3 Nf6 7. Nxe4 Be7 8. Nxf6+
Bxf6 9. Qd3 O-O 10. Be4 Nc6 11. Bxh7+ Kh8 12. d5 Nb4 13. Qb3 a5 14. a3 Na6 15.
Qd3 Bd7 16. Be4 Nc5 17. Qb1 Qe7 18. f3 gxf3 19. exf3 Bf5 20. Be3 Nxe4 21. Qa2
Nc3 22. bxc3 Qxe3+ 23. Ne2 Bxc3+ 24. Kd1 Bxa1 25. Qxa1 Qxf3 26. Rg1 Bg4 27. Qb2
Rae8 28. h3 Rxe2 29. Qxg7+ Kxg7 30. Rxg4+ Qxg4 31. hxg4 Rff2 32. g5 Ra2 33. Ke1
Rh2 34. c5 Ra1# 0-1

[Event "ICS rated blitz match"]
[Site "204.178.125.65"]
[Date "2000.02.18"]
[Round "?"]
[White "Hossa"]
[Black "Mic21"]
[Result "1-0"]
[WhiteElo "2333"]
[BlackElo "2450"]
[PlyCount "149"]

1. e4 e6 2. d4 d5 3. Nd2 Nf6 4. e5 Nfd7 5. Bd3 c5 6. c3 Nc6 7. Ne2 cxd4 8. cxd4
Nb6 9. O-O Bd7 10. Nf3 Nb4 11. Bg5 Be7 12. Bxe7 Qxe7 13. Rc1 Nxd3 14. Qxd3 Bc6
15. Rc5 O-O 16. Rfc1 Rac8 17. b3 a6 18. Qc2 h6 19. Nf4 Bd7 20. Nd3 Bb5 21. Rxc8
Rxc8 22. Qb1 Bxd3 23. Rxc8+ Nxc8 24. Qxd3 Qc7 25. Qd2 Ne7 26. h4 b5 27. b4 Nc8
28. g4 Nb6 29. Kg2 Nc4 30. Qc3 a5 31. bxa5 Qxa5 32. Qxa5 Nxa5 33. Ne1 Nc6 34.
Nc2 Kf8 35. h5 Ke7 36. f4 Kd7 37. Kf3 Kc7 38. Kg3 Kb6 39. f5 b4 40. Kh4 Kb5 41.
f6 gxf6 42. exf6 Kc4 43. g5 hxg5+ 44. Kg3 Kc3 45. h6 Kxc2 46. Kg4 Kb2 47. h7
Kxa2 48. h8=Q b3 49. Qa8+ Kb1 50. Qxc6 b2 51. Kxg5 Ka1 52. Qa4+ Kb1 53. Qd1+
Ka2 54. Kh6 b1=Q 55. Qxb1+ Kxb1 56. Kg7 e5 57. dxe5 d4 58. e6 fxe6 59. f7 d3
60. f8=Q d2 61. Qf1+ Kc2 62. Qc4+ Kb1 63. Qb3+ Kc1 64. Qc3+ Kd1 65. Kf6 Ke2 66.
Qc4+ Ke1 67. Qxe6+ Kf2 68. Qf5+ Ke2 69. Qe4+ Kf2 70. Qd3 Ke1 71. Qe3+ Kd1 72.
Ke5 Kc1 73. Kd4 Kc2 74. Qc3+ Kd1 75. Ke3 1-0

[Event "ICS rated bullet match"]
[Site "204.178.125.65"]
[Date "2000.02.18"]
[Round "?"]
[White "PvdFA"]
[Black "Hossa"]
[Result "0-1"]
[WhiteElo "2200"]
[BlackElo "2467"]
[PlyCount "116"]

1. e3 e5 2. d3 Nf6 3. Ne2 d5 4. Nd2 Nc6 5. e4 dxe4 6. Nxe4 Nxe4 7. dxe4 Qxd1+
8. Kxd1 Bd7 9. Bd2 O-O-O 10. c3 Na5 11. Kc2 Bc6 12. f3 Nc4 13. Rd1 Ba3 14. bxa3
Ba4+ 15. Kc1 Bxd1 16. Kxd1 Rxd2+ 17. Ke1 Rxa2 18. Kf2 Nxa3 19. Kg3 Rd8 20. Nc1
Rc2 21. Nb3 Rxc3 22. Na5 Kb8 23. Bb5 Nxb5 24. Rg1 Rd2 25. Kh3 Ra2 26. Kg4 Rxa5
27. Kg3 Nd6 28. Kg4 Nc4 29. Kg3 Rd3 30. Kg4 Ne3+ 31. Kg3 Ra2 32. Kh4 Rxg2 33.
Rxg2 Nxg2+ 34. Kg4 h5+ 35. Kg3 h4+ 36. Kxg2 g5 37. Kh3 Rxf3+ 38. Kg4 Rf4+ 39.
Kh5 g4 40. Kh6 Rxe4 41. Kh5 g3 42. Kh6 gxh2 43. Kg7 Rf4 44. Kf8 Kc8 45. Ke7 Rf3
46. Kf8 Kd8 47. Kg7 Ke7 48. Kh6 Kf6 49. Kh5 Rg3 50. Kh6 Rh3 51. Kh5 Kf5 52. Kh6
Rg3 53. Kh5 Rg4 54. Kh6 h1=Q 55. Kh7 Rg6 56. Kh8 Kf6 57. Kh7 Qg1 58. Kh8 Rh6#
0-1

[Event "ICS rated bullet match"]
[Site "204.178.125.65"]
[Date "2000.02.18"]
[Round "?"]
[White "Hossa"]
[Black "PvdFA"]
[Result "1-0"]
[WhiteElo "2467"]
[BlackElo "2133"]
[PlyCount "42"]

1. e4 e6 2. d4 d5 3. exd5 exd5 4. Bd3 g6 5. Ne2 Ne7 6. O-O Bg7 7. Re1 O-O 8.
Bg5 Nbc6 9. c3 Re8 10. Qb3 Bg4 11. Qxb7 Rb8 12. Qxc6 Nxc6 13. Bxd8 Rexd8 14. h3
Bxe2 15. Rxe2 Re8 16. Rxe8+ Rxe8 17. Nd2 Ne7 18. Re1 Nc6 19. Rxe8+ Bf8 20. Rc8
Ne7 21. Rxc7 Nf5 1-0